Quizzes
Events
Quiz Creation
Community
Videos
Private Events
Remove Ads
Sign In
Join for FREE
Feedback
Dark Mode
Quiz Categories
Sports
Geography
Music
Movies
Television
Just For Fun
Miscellaneous
History
Literature
Language
Science
Gaming
Entertainment
Religion
Holiday
For Kids
Quiz Lab
Recent
Popular Today
Quiz Kudos Today
Editor Picks
Curator Picks
Quizzes by...
Day
Popularity
Type
Ratings
Length
Year
Community
Subscriptions
Recent Discussions
Orange Saloon
Badges
Playlists
Quests
Create
Leaderboards
Showdown
Live 5
Trivia Bingo
Activity
Puzzle Library
Sporcle Events
Private Events
Virtual Trivia
Globe League
Become a Host
Pub Owners
SporcleCon
Opinionation
Our Games
Videos
Blog
Mobile Apps
Partnerships
Remove Ads and Go Orange
Feedback
Sports
Athletes
MLB
NBA
NHL
NFL
Soccer
Sports Teams
WWE
NCAA
Football
Premier League
Basketball
Baseball
Hockey
Golf
Tennis
Cricket
Rugby
Auto Racing
Olympics
World Cup
Sports
Athletes
MLB
NBA
NHL
NFL
Soccer
Sports Teams
WWE
NCAA
Football
Premier League
Basketball
Baseball
Hockey
Golf
Tennis
Cricket
Rugby
Auto Racing
Olympics
World Cup
Random Quiz
Search Sporcle
×
Quiz Lab
Quiz Lab
Sports
MLB
Type in answers that appear in a list
Type in answers that appear in a list
Classic
Best Score? Go Orange.
MLB Best Closing Seasons Stats
Can you name the closers with seasons of 45 Saves, 2.50 ERA, and 1.20 WHIP since 1990?
By
Spudman428
6m
25 Questions
478 Plays
478 Plays
478 Plays
Comments
Comments
Give Quiz Kudos
Give Quiz Kudos
-
- Ratings
hide this ad
Replay
Link that replays current quiz
Next Quiz
Link to next quiz in quiz playlist
You Got
0%
They Got
Avg Score
67%
Avg Friend Score
Upgrade to see
Score Distribution
Jump to the score distribution portion of the page
Score
0/25
Timer
06:00
0
Plays Today
Year - Team
Closer
% Correct
1999 -
NYY
Mariano Rivera
99%
2001 -
NYY
Mariano Rivera
99%
2004 -
NYY
Mariano Rivera
99%
2002 -
LAD
Eric Gagne
94.6%
2003 -
LAD
Eric Gagne
94.6%
2004 -
LAD
Eric Gagne
94.6%
1998 -
SD
Trevor Hoffman
93.9%
2006 -
SD
Trevor Hoffman
93.9%
1990 -
OAK
Dennis Eckersley
87.7%
1992 -
OAK
Dennis Eckersley
87.7%
2006 -
LAA
Francisco Rodriguez
86.2%
2009 -
MIN
Joe Nathan
85.1%
2003 -
ATL
John Smoltz
74.5%
Year - Team
Closer
% Correct
1990 -
CWS
Bobby Thigpen
65.5%
1991 -
STL
Lee Smith
59.4%
2005 -
WSH
Chad Cordero
56.9%
1995 -
CLE
Jose Mesa
53.1%
1993 -
SF
Rod Beck
44.1%
1997 -
BAL
Randy Myers
34.3%
1993 -
KC
Jeff Montgomery
33.7%
2004 -
FLA
Armando Benitez
33.5%
1993 -
TOR
Duane Ward
31.2%
1993 -
FLA
Bryan Harvey
28.9%
1991 -
CAL
Bryan Harvey
28.9%
1998 -
LAD
Jeff Shaw
19.9%
Quiz Playlist
Details
Report
Send in Message
Add To Playlist
Classic:
Type in answers that appear in a list
Quiz Source
Last Updated: Feb 16, 2017
Quiz Scoreboard
CHALLENGE
Sign Up to Join the Scoreboard
Show All
Scores
Hide
Comments
May contain spoilers
Recently Published
Billboard Blitz: Fleetwood Mac
by CooCooCachoo
Music
15s
Presidents Visiting Landmarks
by Hejman
History
7m
An Introduction to Baseball
by treessimontrees
Sports
5m
More to Explore
Quiz From the Vault
Featured Blog Post
Where Did the Easter Bunny Come From?
hide this ad
You Might Also Like...
Tags
Baseball Quiz
MLB Quiz
Closer
Closing
Pitchers
Pitching
Pitching Statistics
Reliever
Save
Today's Top Quizzes in Sports
Browse Sports
hide this ad
Today's Top Quizzes in MLB
Browse MLB
Top Contributed Quizzes in Sports
1
Les meilleurs buteurs des matchs entre le PSG et l’OM
2
2022 World Cup Stars
3
FIFA Club World Cup Champions
4
Les entraîneurs de l'OM et du PSG au 21e siècle
5
Criteria MLB: Left Handed Sluggers
6
Name the Premier League winners with different clubs
7
5-to-1: UK Sports Teams
8
AFC Teams Reveal (Wrong Answers Minefield)
9
Players with Multiple 50 Home Run Seasons
10
5-to-1: FBS Animal Nicknames
Explore More
Trending Topics
Harry Potter
Kpop
Disney
NBA
Crossword
Anime
Marvel
Song
The Office
NFL
WWE
Soccer
Pokémon
Puzzle
Country
hide this ad
More By:
Spudman428
Quiz
Plays
Rating
Category
Featured
Created
The Office Jim/Pam Casino Night
4,237
4.94
Television
Oct 29, 2010
MLB Total MVP Votes since 2000
3,702
4.19
Sports
Feb 16, 2011
MLB Active XBH Leaders
3,349
4.25
Sports
Sep 23, 2010
MLB 25 HR, 100 RBI, .300 BA since 2000
3,204
4.21
Sports
Sep 22, 2010
MLB OPS Yearly Leaders
2,540
4.42
Sports
Sep 24, 2010
Go to Creator's Profile
Score Distribution
Quiz Creator Spotlight
Spudman428
Follow
Send a Message
Quizzes Created
-
Created Quiz Play Count
-
More By This Creator
Popular Quizzes Today
1
Find the US States - No Outlines Minefield
2
Find the Countries of Europe - No Outlines Minefield
3
The Countries of the World
4
Find the US States
5
US States
6
Popular People in 1961
7
Risky Map Clicking: Biggest States A-Z
8
Movies - When Are They Set?
More Sports Quizzes
All about... Sporting CP
Quiz Lab
Trending Quizzes
Risky Map Clicking: Least Populous States A-Z
1-10 Letter G Words
1-10 Letter F Words
Risky Map Clicking: Next State Alphabetically
Risky Map Clicking: Biggest States A-Z
Recently Updated
Leaping Animals
pecheneg
Reality TV Shows (A-Z)
bhenderson79
Rickey Henderson's Hall of Fame Teammates
pecheneg
Champions League XIs: Arsenal
pecheneg
Quick Pick: Celebrities in WWE's Hall of Fame
aduchscher
A-Z Keypad Blitz II
pecheneg
Multiple Oscar Actors
pecheneg
Mystery Phrase Blitz: Oscar 'Best Actors'
pecheneg
F. Scott Fitzgerald Novels
LTH
Pick 3 Villains
ddd62291
Trending Topics
Disney
Crossword
Kpop
Anime
Harry Potter
Marvel
NBA
Country
Soccer
Pokémon
WWE
Puzzle
Song
NFL
The Office
Your Account Isn't Verified!
In order to create a playlist on Sporcle, you need to verify the email address you used during registration. Go to your
Sporcle Settings
to finish the process.
Report this User
Report this user for behavior that violates our
Community Guidelines
.
Details:
Send Report
Go to the Sporcle.com Mobile Site →
Comments